MARC

LEADER 00000nam0a2200000 4500
001 338455
005 20231102005041.0
035 |a (RuTPU)RU\TPU\book\364950 
090 |a 338455 
100 |a 20171124d1973 km y0rusy50 ca 
101 0 |a rus 
102 |a RU 
105 |a a z 000zy 
200 1 |a Программирование для ЭВМ "Минск-32"  |f Н. Т. Кушнерев, М. Е. Неменман, В. И. Цагельский 
210 |a Москва  |c Статистика  |d 1973 
215 |a 248 с.  |c ил. 
225 1 |a Пособия для работников вычислительных центров 
606 1 |a Цифровые вычислительные машины  |x Программирование  |2 stltpush  |3 (RuTPU)RU\TPU\subj\18457  |9 43888 
610 1 |a машины 
610 1 |a кодирование 
610 1 |a информация 
610 1 |a носители 
610 1 |a операторы 
610 1 |a программирование 
610 1 |a ввод-вывод 
610 1 |a управление 
675 |a 681322.06  |v 3 
700 1 |a Кушнерев  |b Н. Т.  |g Николай Тихонович 
701 1 |a Неменман  |b М. Е.  |g Марк Ефимович 
701 1 |a Цагельский  |b В. И.  |g Владимир Иосифович 
801 1 |a RU  |b 63413507  |c 20171124 
801 2 |a RU  |b 63413507  |c 20201106  |g RCR 
942 |c BK